书目信息 |
| 题名: |
人生地理学
|
|
| 作者: | 牧口常三郎, 著 ;陈莉 , 易凌峰 译 | |
| 分册: | ||
| 出版信息: | 上海 复旦大学出版社 2005.04 |
|
| 页数: | [50], 276页, [2] 页图版 | |
| 开本: | 21cm | |
| 丛书名: | ||
| 单 册: | ||
| 中图分类: | K901 | |
| 科图分类: | ||
| 主题词: | 人文地理学--ren wen di li xue | |
| 电子资源: | ||
| ISBN: | 7-309-04148-8 | |
| 000 | 00911nam0 2200241 450 | |
| 001 | 012006161437 | |
| 005 | 20060522102941.53 | |
| 010 | @a7-309-04148-8@dCNY25.00 | |
| 100 | @a20060421d2005 km y0chiy0120 ea | |
| 101 | 1 | @achi@cjpn |
| 102 | @aCN@b310000 | |
| 105 | @aacf z 000yy | |
| 200 | 1 | @a人生地理学@Aren sheng di li xue@f(日) 牧口常三郎著@F(ri)mu kou chang san lang zhu@g陈莉, 易凌峰译@Gchen li,yi ling feng yi |
| 210 | @a上海@c复旦大学出版社@d2005.04 | |
| 215 | @a[50], 276页, [2] 页图版@c图, 肖像@d21cm | |
| 330 | @a本书作者超越对人与自然的关系进行纯粹客观或价值中立性的阐释的视角,试图渗透或贯穿于一种新的价值理念——对生命的重视。 | |
| 606 | 0 | @a人文地理学@Aren wen di li xue |
| 690 | @aK901@v4 | |
| 701 | 0 | @a牧口常三郎,@Amu kou chang san lang,@f1871-1944@4著 |
| 702 | 0 | @a陈莉@Achen li@4译 |
| 702 | 0 | @a易凌峰@Ayi ling feng@4译 |
| 801 | 0 | @aCN@bQSSK@c20060522 |
| 905 | @a10447@dK901@eM954 | |
| 人生地理学/(日) 牧口常三郎著/陈莉, 易凌峰译.-上海:复旦大学出版社,2005.04 |
| [50], 276页, [2] 页图版:图, 肖像;21cm |
| ISBN 7-309-04148-8:CNY25.00 |
| 本书作者超越对人与自然的关系进行纯粹客观或价值中立性的阐释的视角,试图渗透或贯穿于一种新的价值理念——对生命的重视。 |
| ● |
| 相关链接 |
|
|
|
正题名:人生地理学
索取号:K901/M954
 
预约/预借
| 序号 | 登录号 | 条形码 | 馆藏地/架位号 | 状态 | 备注 |
| 1 | 559087 | 205590877 | 社科库309/309社科库 11排4列6层/ [索取号:K901/M954] | 在馆 | |
| 2 | 559088 | 205590886 | 社科库309/309社科库 11排4列6层/ [索取号:K901/M954] | 在馆 | |
| 3 | 559089 | 205590895 | 社科库309/309社科库 11排4列6层/ [索取号:K901/M954] | 在馆 |